00675nam a2200241 a 4500001001300000003000900013005001700022008004100039020001000080082001300090100002500103245002700128260003600155300000900191500003500200505001000235650002000245700002500265902000800290942000700298952011300305999001500418nice12345678IN_TiNIC20260116011409.0050524s0000 luca grp 000 0 urd  ac10000a930bSHA aSharar, Abdul Haleem aTareekh-E-Asr-E-Qadeer aLucknowbNaseem Book Depoc0000 a280p aincludes index and biblioraphy2 aIndex aHistory-Ancient1 aSharar, Abdul Haleem bSRS cBK 001040708StackRoom-aHMIbHMId2007-06-06g100.00l0o930 SHAp03764r2007-06-06v100.00w2005-05-24yBK c1155d1155